[Event "21st European Teams"]
[Site "Hersonissos GRE"]
[Date "2017.11.01"]
[Round "5.17"]
[Board "3"]
[White "Ashiku, Franc"]
[Black "Georgiadis, Nico"]
[Result "0-1"]
[WhiteTitle "FM"]
[BlackTitle "GM"]
[WhiteElo "2394"]
[BlackElo "2516"]
[WhiteTeam "Albania"]
[BlackTeam "Switzerland"]
[WhiteFideId "4700066"]
[BlackFideId "1300113"]
[EventDate "2017.10.28"]

1. Nf3 Nf6 2. g3 g6 3. Bg2 Bg7 4. O-O O-O 5. d4 d6 6. b3 e5 7. dxe5 dxe5 8. Ba3
Qxd1 9. Rxd1 Re8 10. c4 e4 11. Nd4 Ng4 12. h3 Nc6 13. Nb5 Bxa1 14. Nxc7 e3 15.
hxg4 exf2+ 16. Kxf2 Bxg4 17. Nxe8 Rxe8 18. Bf3 Bxf3 19. exf3 Bd4+ 20. Kf1 Re3
21. Nd2 Rd3 22. Ke2 Re3+ 23. Kf1 Ne5 24. Bd6 Nxf3 25. Nxf3 Rxf3+ 26. Kg2 Rf2+
27. Kh3 Bf6 28. Bb8 h5 29. Rd7 b6 30. Rxa7 g5 31. g4 Rf3+ 32. Kg2 hxg4 33. Rd7
Rc3 34. Bc7 Kg7 35. Rd2 Kg6 36. Bxb6 Be5 37. a4 Rxb3 38. a5 f5 39. Ra2 f4 40. a6
f3+ 0-1

[Event "21st European Teams"]
[Site "Hersonissos GRE"]
[Date "2017.11.01"]
[Round "5.17"]
[Board "4"]
[White "Jenni, Florian"]
[Black "Seitaj, Ilir"]
[Result "1-0"]
[WhiteTitle "GM"]
[BlackTitle "IM"]
[WhiteElo "2466"]
[BlackElo "2372"]
[WhiteTeam "Switzerland"]
[BlackTeam "Albania"]
[WhiteFideId "1304232"]
[BlackFideId "4700031"]
[EventDate "2017.10.28"]

1. e4 e5 2. Bc4 Nc6 3. Nf3 Nf6 4. Ng5 d5 5. exd5 b5 6. Bf1 Nd4 7. c3 Nxd5 8. h4
h6 9. Nxf7 Kxf7 10. cxd4 exd4 11. Bxb5 Bb7 12. Bc4 Be7 13. Qf3+ Bf6 14. O-O Rf8
15. d3 Kg8 16. Nd2 Kh8 17. Ne4 Nb6 18. Bb3 c5 19. Qg4 Bxe4 20. Qxe4 Bxh4 21. g3
Bg5 22. f4 Bf6 23. Bd2 Rc8 24. Rf2 c4 25. dxc4 Nxc4 26. Bc2 Kg8 27. Qh7+ Kf7 28.
Qg6+ Kg8 29. Qh7+ Kf7 30. Bg6+ Ke6 31. Bf5+ Kf7 32. Re1 Ne3 33. Qg6+ Kg8 34.
Qh7+ Kf7 35. Bxe3 dxe3 36. Qg6+ Kg8 37. Qh7+ Kf7 38. Bg6+ Ke6 39. Rxe3+ Kd5 40.
Rd2+ Bd4 41. Rxd4+ 1-0

[Event "21st European Teams"]
[Site "Hersonissos GRE"]
[Date "2017.11.01"]
[Round "5.18"]
[Board "1"]
[White "Ferreira, Jorge Viterbo"]
[Black "Saraci, Nderim"]
[Result "1-0"]
[WhiteTitle "IM"]
[BlackTitle "FM"]
[WhiteElo "2499"]
[BlackElo "2393"]
[WhiteTeam "Portugal"]
[BlackTeam "Kosovo"]
[WhiteFideId "1910850"]
[BlackFideId "6351921"]
[EventDate "2017.10.28"]

1. e4 c5 2. Nf3 Nc6 3. Bb5 g6 4. Bxc6 dxc6 5. d3 Bg7 6. h3 e5 7. Nc3 Qe7 8. Be3
Nf6 9. Qd2 Nd7 10. Bh6 Bxh6 11. Qxh6 f6 12. Nh2 Nf8 13. Ne2 Ne6 14. f4 exf4 15.
Nxf4 Nxf4 16. Qxf4 O-O 17. O-O Be6 18. Rf2 Rae8 19. Nf3 Qg7 20. Re1 c4 21. d4 g5
22. Qd2 g4 23. hxg4 Bxg4 24. Qf4 Kh8 25. Re3 Bxf3 26. Rfxf3 Qe7 27. c3 c5 28. d5
Qe5 29. Qh6 Qe7 30. e5 fxe5 31. Rxe5 Qg7 32. Rxf8+ Rxf8 33. Qe3 Qf6 34. Re6 Qf1+
35. Kh2 Qf5 36. Qh6 Rg8 37. Re7 Qg6 38. Qxg6 Rxg6 39. Rxb7 Rd6 40. Rxa7 Rxd5 41.
Rb7 Rd1 42. Kg3 Rf1 43. Rb5 Rb1 44. a4 Ra1 45. a5 Ra2 46. Kf4 1-0

[Event "21st European Teams"]
[Site "Hersonissos GRE"]
[Date "2017.11.01"]
[Round "5.18"]
[Board "2"]
[White "Makolli, Perparim"]
[Black "Fernandes, Antonio"]
[Result "1-0"]
[WhiteTitle "FM"]
[BlackTitle "GM"]
[WhiteElo "2333"]
[BlackElo "2442"]
[WhiteTeam "Kosovo"]
[BlackTeam "Portugal"]
[WhiteFideId "908630"]
[BlackFideId "1900021"]
[EventDate "2017.10.28"]

1. e4 c5 2. Nf3 d6 3. d4 cxd4 4. Nxd4 Nf6 5. Nc3 a6 6. Bg5 e6 7. Qd2 Be7 8.
O-O-O b5 9. f3 b4 10. Nce2 Qb6 11. Be3 Qb7 12. g4 d5 13. g5 Nh5 14. exd5 Qxd5
15. c4 Qxc4+ 16. Kb1 Qd5 17. Ng3 Nxg3 18. hxg3 e5 19. Bc4 Qd8 20. g6 fxg6 21.
Qc2 exd4 22. Rxh7 Bf5 23. Rxh8+ Bf8 24. Bd3 Qd5 25. Be4 1-0

[Event "21st European Teams"]
[Site "Hersonissos GRE"]
[Date "2017.11.01"]
[Round "5.18"]
[Board "3"]
[White "Sousa, Andre Ventura"]
[Black "Ermeni, Avni"]
[Result "1-0"]
[WhiteTitle "IM"]
[BlackTitle "FM"]
[WhiteElo "2405"]
[BlackElo "2247"]
[WhiteTeam "Portugal"]
[BlackTeam "Kosovo"]
[WhiteFideId "1917617"]
[BlackFideId "912840"]
[EventDate "2017.10.28"]

1. e4 Nf6 2. e5 Nd5 3. d4 d6 4. c4 Nb6 5. exd6 cxd6 6. Nc3 g6 7. h3 Bg7 8. Nf3
O-O 9. Be2 Bf5 10. O-O Nc6 11. Be3 d5 12. c5 Nc4 13. Bc1 e5 14. dxe5 d4 15. Bxc4
dxc3 16. Qe1 c2 17. Qc3 Qd7 18. Bf4 Rad8 19. Bg5 Rde8 20. Rfe1 h6 21. Bf6 Bxf6
22. exf6 g5 23. Bb3 Qd8 24. Rac1 Be4 25. Nd2 Bg6 26. Nf3 Be4 27. Bxc2 Bxc2 28.
Rxe8 Rxe8 29. Rxc2 Re6 30. b4 Nxb4 31. Rd2 Qa5 32. h4 g4 33. Qd4 h5 34. Ng5 Nc6
35. Qd3 Rxf6 36. Qh7+ Kf8 37. Re2 1-0

[Event "21st European Teams"]
[Site "Hersonissos GRE"]
[Date "2017.11.01"]
[Round "5.18"]
[Board "4"]
[White "Sadiku, Bedri"]
[Black "Martins, David Pires Tavares"]
[Result "0-1"]
[WhiteTitle "IM"]
[BlackTitle "IM"]
[WhiteElo "2213"]
[BlackElo "2384"]
[WhiteTeam "Kosovo"]
[BlackTeam "Portugal"]
[WhiteFideId "915998"]
[BlackFideId "1909991"]
[EventDate "2017.10.28"]

1. Nf3 g6 2. g3 Bg7 3. Bg2 e5 4. d3 d5 5. O-O Ne7 6. e4 O-O 7. Nc3 d4 8. Ne2 c5
9. b3 Nec6 10. Nd2 Nd7 11. f4 b5 12. a4 bxa4 13. Rxa4 Nb6 14. Ra1 a5 15. Ba3 Nb4
16. fxe5 Bxe5 17. Nf4 Bb7 18. Nc4 Nxc4 19. bxc4 Qd6 20. Bc1 Bc6 21. Rf2 a4 22.
Ba3 Rfb8 23. Qf3 Ra7 24. h4 f5 25. Qe2 Re8 26. Bc1 Rae7 27. Kh2 fxe4 28. Bxe4
Bg7 29. Ra3 Bxe4 30. dxe4 Rxe4 31. Qf3 Qd7 32. Nd3 Nxd3 33. cxd3 R4e6 34. Bf4
Be5 35. Qd5 Qxd5 36. cxd5 Rf6 37. Rxa4 Bxf4 38. gxf4 Rd8 39. Kg3 Rxd5 40. Re2
Rdf5 41. Re4 Rf7 42. Ra8+ Kg7 43. Rc8 Rb7 44. Kf3 Rb3 45. Ke2 Rb2+ 46. Ke1 Rh2
47. Rc7+ Rf7 48. Rxc5 Ra7 0-1

[Event "21st European Teams"]
[Site "Hersonissos GRE"]
[Date "2017.11.01"]
[Round "5.19"]
[Board "1"]
[White "Ziska, Helgi Dam"]
[Black "Djukic, Nikola"]
[Result "1-0"]
[WhiteTitle "GM"]
[BlackTitle "GM"]
[WhiteElo "2545"]
[BlackElo "2519"]
[WhiteTeam "Faroe Islands"]
[BlackTeam "Montenegro"]
[WhiteFideId "7200595"]
[BlackFideId "922412"]
[EventDate "2017.10.28"]

1. e4 c5 2. Nf3 d6 3. Bb5+ Nd7 4. O-O a6 5. Bd3 Ngf6 6. c3 b5 7. Bc2 Bb7 8. Qe2
c4 9. b3 Qc7 10. bxc4 bxc4 11. Na3 Nb6 12. e5 dxe5 13. Nxe5 Bd5 14. Rb1 Rb8 15.
Naxc4 Nxc4 16. Rxb8+ Qxb8 17. Nxc4 e6 18. Ba4+ Kd8 19. Ne3 Bb7 20. d4 Bd6 21. h3
Ne4 22. c4 Nc3 23. Qc2 Nxa4 24. Qxa4 Qc7 25. Bd2 Ke7 26. Re1 Bc6 27. Qc2 Kd8 28.
Bc3 f6 29. d5 Bd7 30. dxe6 Bxe6 31. Qe4 Bd7 32. Nd5 Qc5 33. Bb4 Qc6 34. Ba5+ Kc8
35. Nb6+ Kb8 36. Nxd7+ Qxd7 37. Rb1+ Ka7 38. Bb6+ Kb8 39. Bc5+ 1-0

[Event "21st European Teams"]
[Site "Hersonissos GRE"]
[Date "2017.11.01"]
[Round "5.19"]
[Board "2"]
[White "Blagojevic, Dragisa"]
[Black "Nielsen, Hogni Egilstoft"]
[Result "1/2-1/2"]
[WhiteTitle "GM"]
[BlackTitle "FM"]
[WhiteElo "2488"]
[BlackElo "2352"]
[WhiteTeam "Montenegro"]
[BlackTeam "Faroe Islands"]
[WhiteFideId "900885"]
[BlackFideId "7200404"]
[EventDate "2017.10.28"]

1. d4 d5 2. c4 c6 3. Nc3 Nf6 4. e3 e6 5. Nf3 Nbd7 6. Qc2 Bd6 7. b3 O-O 8. Be2
Re8 9. O-O b6 10. Bb2 Bb7 11. Rad1 Qc7 12. Bd3 a6 13. e4 e5 14. cxd5 cxd5 15.
Nxd5 Nxd5 16. exd5 Qxc2 17. Bxc2 e4 18. Ne5 Nxe5 19. dxe5 Bxe5 20. Bxe5 Rxe5 21.
d6 Rd8 22. Rd4 Rd5 23. Rxd5 Bxd5 24. Rd1 Bc6 25. g4 g5 26. Rd4 Kg7 27. Bxe4 Bxe4
28. Rxe4 Rxd6 29. Kg2 Kf6 30. a4 Rc6 1/2-1/2

[Event "21st European Teams"]
[Site "Hersonissos GRE"]
[Date "2017.11.01"]
[Round "5.19"]
[Board "3"]
[White "Nielsen, Rogvi Egilstoft"]
[Black "Kosic, Dragan"]
[Result "1-0"]
[WhiteTitle "FM"]
[BlackTitle "GM"]
[WhiteElo "2338"]
[BlackElo "2493"]
[WhiteTeam "Faroe Islands"]
[BlackTeam "Montenegro"]
[WhiteFideId "7200447"]
[BlackFideId "900290"]
[EventDate "2017.10.28"]

1. e4 e6 2. d4 d5 3. Nd2 c5 4. Ngf3 a6 5. exd5 exd5 6. dxc5 Bxc5 7. Nb3 Bb6 8.
Nbd4 Nc6 9. Be3 Bg4 10. Nxc6 bxc6 11. Bxb6 Qxb6 12. Qd4 Qxd4 13. Nxd4 Ne7 14. h3
Bc8 15. Be2 Rb8 16. O-O-O O-O 17. Rhe1 c5 18. Bf3 Rb7 19. Nb3 c4 20. Nc5 Rc7 21.
Bxd5 g6 22. Bf3 Nf5 23. Na4 Kg7 24. Bd5 Ne7 25. Bf3 Nf5 26. Nb6 Be6 27. Nd5 Rc5
28. Nf4 Bc8 29. g3 Rc7 30. Bg2 Bb7 31. Bxb7 Rxb7 32. Re4 Rfb8 33. b3 cxb3 34.
axb3 Rc8 35. Rd3 Rc6 36. Nd5 a5 37. Ra4 Rc5 38. Re4 Rd7 39. Nf4 Rdc7 40. Rd2
R7c6 41. Nd3 Rb5 42. Kb1 Nd6 43. Re5 Rbb6 44. Nb2 Nb5 45. Na4 Rb7 46. Ka2 Kf6
47. Red5 Re6 48. c4 Nc7 49. Rxa5 Na6 50. Kb2 Rc7 51. Kc3 Kg7 52. Rad5 Nb8 53.
Nc5 Re1 54. b4 Nc6 55. Rd1 Re2 56. R5d2 Re8 57. Rd7 Rcc8 58. b5 Ne5 59. R7d5 f6
60. Kb4 Re7 61. f4 Nf7 62. b6 Re2 63. R5d2 Re3 64. b7 Rb8 65. Rd7 1-0

[Event "21st European Teams"]
[Site "Hersonissos GRE"]
[Date "2017.11.01"]
[Round "5.19"]
[Board "4"]
[White "Draskovic, Luka"]
[Black "Nilssen, John Arni"]
[Result "1-0"]
[WhiteTitle "IM"]
[BlackTitle "IM"]
[WhiteElo "2450"]
[BlackElo "2326"]
[WhiteTeam "Montenegro"]
[BlackTeam "Faroe Islands"]
[WhiteFideId "944335"]
[BlackFideId "7200137"]
[EventDate "2017.10.28"]

1. c4 e6 2. Nf3 d5 3. b3 d4 4. g3 Nc6 5. Bg2 Nf6 6. O-O a5 7. d3 e5 8. e3 Be7 9.
exd4 exd4 10. Na3 O-O 11. Nb5 Bf5 12. Bf4 Rc8 13. Re1 Bb4 14. Re2 Qd7 15. Be5
Bg4 16. Bxf6 gxf6 17. Qc1 Bf5 18. Qc2 Bc5 19. a3 Bg4 20. Qd2 Qf5 21. Re4 Bxf3
22. Rf4 Qg5 23. h4 Qg6 24. Bxf3 Ne5 25. Bxb7 c6 26. Bxc8 Rxc8 27. b4 axb4 28.
axb4 Bf8 29. Nxd4 Bh6 30. h5 Bxf4 31. Qxf4 Qxd3 32. Nf5 Re8 33. Ne3 Qc3 34. Rd1
Nd3 35. Qg4+ Kf8 36. Nf5 Re1+ 37. Kh2 Rxd1 38. Qg7+ Ke8 39. Qg8+ Kd7 40. Qxf7+
Kc8 41. Nd6+ Kd8 42. Qe8+ Kc7 43. Qe7+ 1-0

[Event "21st European Teams"]
[Site "Hersonissos GRE"]
[Date "2017.11.01"]
[Round "5.20"]
[Board "1"]
[White "Hovhannisyan, Mher"]
[Black "Hristodoulou, Panagiotis"]
[Result "0-1"]
[WhiteTitle "IM"]
[BlackTitle "FM"]
[WhiteElo "2466"]
[BlackElo "2318"]
[WhiteTeam "Belgium"]
[BlackTeam "Greece - Crete"]
[WhiteFideId "13300865"]
[BlackFideId "4214340"]
[EventDate "2017.10.28"]

1. c4 e6 2. Nf3 d5 3. e3 Nf6 4. Nc3 c6 5. Qc2 Bd6 6. d4 Nbd7 7. b3 O-O 8. Be2 b6
9. O-O Bb7 10. Rd1 Qe7 11. a4 a6 12. a5 b5 13. c5 Bc7 14. e4 b4 15. e5 bxc3 16.
exf6 Qxf6 17. Ng5 g6 18. Qxc3 Rfe8 19. Qh3 Nf8 20. Rd3 Qg7 21. Nf3 f6 22. Bh6
Qe7 23. Qh4 e5 24. dxe5 fxe5 25. Ng5 Ne6 26. Bg4 Bc8 27. Rf3 Bd8 28. Bxe6+ Bxe6
29. Qa4 Qd7 30. Re1 Bf5 31. Rfe3 Bf6 32. h3 Rac8 33. g4 d4 34. Rf3 Bxg5 35. Bxg5
Qd5 36. Qc4 Be6 37. Bh6 Qxf3 0-1

[Event "21st European Teams"]
[Site "Hersonissos GRE"]
[Date "2017.11.01"]
[Round "5.20"]
[Board "2"]
[White "Vlahos, Kiriakos"]
[Black "Godart, Francois"]
[Result "0-1"]
[WhiteTitle "FM"]
[BlackTitle "IM"]
[WhiteElo "2306"]
[BlackElo "2397"]
[WhiteTeam "Greece - Crete"]
[BlackTeam "Belgium"]
[WhiteFideId "4200594"]
[BlackFideId "208078"]
[EventDate "2017.10.28"]

1. c4 e6 2. Nc3 d5 3. d4 c6 4. Nf3 dxc4 5. a4 Bb4 6. e3 b5 7. Bd2 a5 8. axb5
Bxc3 9. Bxc3 cxb5 10. b3 Bb7 11. bxc4 b4 12. Bb2 Nf6 13. c5 O-O 14. Bb5 Qd5 15.
O-O Nc6 16. Ba4 Ne7 17. Bb3 Qc6 18. Ba4 Qc7 19. Ne5 Rfd8 20. Re1 Ng6 21. Nxg6
hxg6 22. f3 Bc6 23. Bxc6 Qxc6 24. Qa4 Qc7 25. Rac1 Nd7 26. e4 e5 27. dxe5 Nxe5
28. Bxe5 Qxe5 29. c6 Rd2 30. Red1 Qb2 31. Rxd2 Qxc1+ 32. Rd1 Qc5+ 33. Kf1 Rc8
34. Rd5 Qc1+ 35. Kf2 Rxc6 36. Qxa5 Kh7 37. Qd8 Qf4 38. Rd2 Qxh2 39. Qd7 Rc1 40.
Qh3+ Qxh3 41. gxh3 b3 42. Ke2 Rc2 43. Rxc2 bxc2 44. Kd2 Kh6 45. Kxc2 Kg5 46. Kd3
Kh4 47. Ke3 g5 48. f4 gxf4+ 49. Kxf4 Kxh3 50. Kg5 Kg3 51. e5 Kf3 52. Kf5 Ke3 53.
e6 fxe6+ 54. Kxe6 Kf4 0-1

[Event "21st European Teams"]
[Site "Hersonissos GRE"]
[Date "2017.11.01"]
[Round "5.20"]
[Board "3"]
[White "Beukema, Stefan"]
[Black "Naoum, Spyridon"]
[Result "0-1"]
[WhiteTitle "IM"]
[WhiteElo "2378"]
[BlackElo "2295"]
[WhiteTeam "Belgium"]
[BlackTeam "Greece - Crete"]
[WhiteFideId "1024523"]
[BlackFideId "4227506"]
[EventDate "2017.10.28"]

1. e4 c5 2. Nf3 d6 3. d4 cxd4 4. Nxd4 Nf6 5. Nc3 Nc6 6. Be2 g6 7. Be3 Bg7 8. O-O
O-O 9. Nb3 a6 10. f4 b5 11. Bf3 Bb7 12. e5 dxe5 13. Nc5 exf4 14. Nxb7 Qc7 15.
Bxf4 Qxb7 16. Qe1 Rac8 17. Kh1 b4 18. Ne2 Rfd8 19. Qf2 Qb5 20. Rad1 Rxd1 21.
Rxd1 e5 22. c4 Qxc4 23. Rc1 Qe6 24. Bg3 e4 25. Nf4 Qxa2 26. Bd1 Qa5 27. Bb3 Ne7
28. Rd1 Nf5 29. Ne6 e3 30. Qf3 Nxg3+ 31. Qxg3 e2 32. Re1 Qf5 33. Nf4 Nh5 0-1

[Event "21st European Teams"]
[Site "Hersonissos GRE"]
[Date "2017.11.01"]
[Round "5.20"]
[Board "4"]
[White "Papadopoulos, Argirios"]
[Black "Claesen, Pieter"]
[Result "1/2-1/2"]
[WhiteTitle "FM"]
[BlackTitle "IM"]
[WhiteElo "2182"]
[BlackElo "2316"]
[WhiteTeam "Greece - Crete"]
[BlackTeam "Belgium"]
[WhiteFideId "4241509"]
[BlackFideId "200727"]
[EventDate "2017.10.28"]

1. e4 e6 2. Qe2 c5 3. f4 Nc6 4. Nf3 Nge7 5. Na3 d5 6. e5 Nf5 7. c3 Be7 8. d3 b6
9. g3 Ba6 10. Bg2 h5 11. Bd2 Qd7 12. O-O-O c4 13. d4 Bxa3 14. bxa3 Qe7 15. Be1
Qxa3+ 16. Qb2 Qxb2+ 17. Kxb2 Ne3 18. Rd2 b5 19. a3 Bb7 20. Re2 Nxg2 21. Rxg2 a5
22. h3 Ba6 23. Kc1 Kd7 24. Rb2 Ra7 25. Rhh2 Rb7 26. g4 g6 27. Ng5 Ke8 28. Kd1
Rb8 29. Nf3 Bc8 30. Kc1 Bd7 31. g5 Ne7 32. Nh4 Kd8 33. Rb1 Kc7 34. Rhb2 Rb7 35.
Bd2 Ra8 36. Be1 Nc8 37. Nf3 Nb6 38. Ng1 Na4 39. Rc2 Nb6 40. Rcb2 Nc8 41. Nf3 Ne7
42. Nh4 Rab8 43. Bd2 Nc6 44. Nf3 Be8 45. Be1 Kd8 46. Bd2 Kc8 47. Be1 Na7 48. Bd2
Rb6 49. Be1 R8b7 50. Bd2 Nc6 51. Be1 Kc7 52. Bd2 Nb8 53. Be1 Na6 54. Bd2 Kc8 55.
Be1 Rc7 56. Ra2 Kb7 57. Ng1 b4 58. axb4 axb4 59. Ne2 b3 60. Ra3 Rc8 61. Kb2 Nc7
62. Bd2 Ra8 63. Rxa8 Nxa8 64. Bc1 Rc6 65. Ra1 Nb6 66. Kb1 Rc8 67. Bb2 Bc6 68. h4
Rb8 69. Kc1 Nc8 70. Kd2 Ne7 71. Ng3 Bd7 72. Ra3 Rc8 73. Ra1 Nc6 74. Ne2 Na7 75.
Kc1 Nb5 76. Kd2 Nc7 77. Kc1 Na8 78. Kd2 Nb6 79. Kc1 Na4 80. Kb1 Ra8 81. Kc1 Bc6
82. Kb1 Bd7 1/2-1/2

[Event "21st European Teams"]
[Site "Hersonissos GRE"]
[Date "2017.11.03"]
[Round "6.1"]
[Board "2"]
[White "Bosiocic, Marin"]
[Black "Erdos, Viktor"]
[Result "1/2-1/2"]
[WhiteTitle "GM"]
[BlackTitle "GM"]
[WhiteElo "2619"]
[BlackElo "2624"]
[WhiteTeam "Croatia"]
[BlackTeam "Hungary"]
[WhiteFideId "14507927"]
[BlackFideId "719978"]
[EventDate "2017.10.28"]

1. d4 Nf6 2. c4 e6 3. Nf3 d5 4. g3 Be7 5. Bg2 O-O 6. O-O Nbd7 7. Qc2 c6 8. Nbd2
b6 9. e4 dxc4 10. Nxc4 Bb7 11. Bf4 c5 12. Rfe1 cxd4 13. Nd6 Bxd6 14. Bxd6 d3 15.
Qc4 Rc8 16. Qd4 e5 17. Qxd3 Nc5 18. Qd1 Re8 19. Bxc5 Qxd1 20. Raxd1 Rxc5 21. Nh4
g6 22. Rd2 Rec8 23. f3 Rc1 24. Kf2 Kf8 25. Bh3 R8c2 26. Rxc2 Rxc2+ 27. Re2 Rc1
28. Re1 Rc2+ 29. Re2 Rc1 30. Re1 Rc2+ 1/2-1/2

[Event "21st European Teams"]
[Site "Hersonissos GRE"]
[Date "2017.11.03"]
[Round "6.1"]
[Board "3"]
[White "Almasi, Zoltan"]
[Black "Stevic, Hrvoje"]
[Result "1-0"]
[WhiteTitle "GM"]
[BlackTitle "GM"]
[WhiteElo "2707"]
[BlackElo "2616"]
[WhiteTeam "Hungary"]
[BlackTeam "Croatia"]
[WhiteFideId "702293"]
[BlackFideId "14502569"]
[EventDate "2017.10.28"]

1. e4 e5 2. Nf3 Nc6 3. Bb5 a6 4. Ba4 d6 5. O-O Bd7 6. c3 g6 7. d4 Bg7 8. h3 Nf6
9. Re1 O-O 10. Nbd2 exd4 11. cxd4 Nb4 12. Bb3 Nd3 13. Re3 Nxc1 14. Rxc1 c6 15.
Re1 d5 16. exd5 cxd5 17. Nf1 Qb6 18. Ne3 Be6 19. Ne5 Rfc8 20. Qd3 a5 21. a4 Bh6
22. Rcd1 Qa6 23. N5g4 Nxg4 24. Nxg4 Bg7 25. Qf3 Rd8 26. Nf6+ Kh8 27. Bxd5 Bxd5
28. Nxd5 Qc6 29. Rc1 Qd6 30. Nc7 Rac8 31. Nb5 Qb4 32. b3 Kg8 33. d5 Rc5 34. d6
Be5 35. Rcd1 Qf4 36. Qxf4 Bxf4 37. Re7 Rc6 38. Rxb7 Bxd6 39. Kf1 Kg7 40. Nxd6
Rdxd6 41. Rxd6 Rxd6 42. Ke2 Re6+ 43. Kd3 Rd6+ 44. Kc3 Rc6+ 45. Kb2 Re6 46. Rc7
h5 47. b4 Re4 48. bxa5 Rxa4 49. Rc5 h4 50. Kb3 Ra1 51. Kb4 Ra2 52. Rc3 g5 53.
Ra3 Rxf2 54. a6 Rb2+ 55. Ka5 1-0

[Event "21st European Teams"]
[Site "Hersonissos GRE"]
[Date "2017.11.03"]
[Round "6.1"]
[Board "4"]
[White "Jankovic, Alojzije"]
[Black "Berkes, Ferenc"]
[Result "0-1"]
[WhiteTitle "GM"]
[BlackTitle "GM"]
[WhiteElo "2575"]
[BlackElo "2661"]
[WhiteTeam "Croatia"]
[BlackTeam "Hungary"]
[WhiteFideId "14505959"]
[BlackFideId "718572"]
[EventDate "2017.10.28"]

1. d4 Nf6 2. c4 e6 3. Nf3 d5 4. Nc3 Nbd7 5. Bg5 h6 6. Bh4 Be7 7. e3 O-O 8. Qc2
c5 9. cxd5 Nxd5 10. Bxe7 Qxe7 11. Nxd5 exd5 12. dxc5 Nxc5 13. Be2 Bg4 14. O-O
Rac8 15. Rfd1 Rfd8 16. Rac1 Qf6 17. Qd2 Ne4 18. Qd4 Bxf3 19. Qxf6 Nxf6 20. Bxf3
Kf8 21. Kf1 Ke7 22. Rxc8 Rxc8 23. Bxd5 Rc2 24. Bb3 Rxb2 25. Rc1 a5 26. Rc7+ Kd6
27. Rxb7 a4 28. Bd5 a3 29. Bf3 Rxa2 30. Ra7 Nd7 31. g4 Nc5 32. Kg2 Nd3 33. Kg3
Ra1 34. Ra5 a2 35. Kh4 Nb4 0-1

[Event "21st European Teams"]
[Site "Hersonissos GRE"]
[Date "2017.11.03"]
[Round "6.2"]
[Board "3"]
[White "Piorun, Kacper"]
[Black "Vitiugov, Nikita"]
[Result "1/2-1/2"]
[WhiteTitle "GM"]
[BlackTitle "GM"]
[WhiteElo "2640"]
[BlackElo "2728"]
[WhiteTeam "Poland"]
[BlackTeam "Russia"]
[WhiteFideId "1130420"]
[BlackFideId "4152956"]
[EventDate "2017.10.28"]

1. e4 e5 2. Nf3 Nc6 3. Bb5 a6 4. Ba4 Nf6 5. O-O Be7 6. d3 b5 7. Bb3 d6 8. a3 O-O
9. Nc3 h6 10. Nd5 Na5 11. Nxf6+ Bxf6 12. Ba2 Re8 13. Bd2 Nc6 14. h3 Be6 15. Bxe6
Rxe6 16. a4 Rb8 17. c3 d5 18. axb5 axb5 19. b4 dxe4 20. dxe4 Qd3 21. Re1 Rd6 22.
Qc1 Nd8 23. Be3 Ne6 24. Nd2 Bg5 25. Nf3 Bf6 26. Nd2 Bg5 27. Nf3 1/2-1/2

[Event "21st European Teams"]
[Site "Hersonissos GRE"]
[Date "2017.11.03"]
[Round "6.2"]
[Board "4"]
[White "Matlakov, Maxim"]
[Black "Tomczak, Jacek"]
[Result "1/2-1/2"]
[WhiteTitle "GM"]
[BlackTitle "GM"]
[WhiteElo "2730"]
[BlackElo "2583"]
[WhiteTeam "Russia"]
[BlackTeam "Poland"]
[WhiteFideId "4168003"]
[BlackFideId "1124668"]
[EventDate "2017.10.28"]

1. c4 Nf6 2. Nc3 e5 3. Nf3 Nc6 4. g3 d5 5. cxd5 Nxd5 6. Bg2 Nb6 7. O-O Be7 8. a3
O-O 9. b4 Re8 10. e3 a6 11. Qc2 Be6 12. d3 Qd7 13. Ne4 Bh3 14. Nc5 Bxc5 15. bxc5
Bxg2 16. Kxg2 Nd5 17. Rb1 Re6 18. Rxb7 Rf6 19. Ng5 h6 20. Ne4 Re6 21. Kg1 Rd8
22. Bd2 Nde7 23. Nd6 Rf8 24. Nc4 h5 25. Ba5 Nxa5 26. Nxa5 h4 27. Qe2 Rh6 28.
Rfb1 f5 29. Rb8 Rxb8 30. Rxb8+ Kh7 31. Nc4 hxg3 32. fxg3 Qd5 33. Re8 Qd7 34. Rb8
Qd5 35. Rf8 Qxc5 36. Qb2 f4 37. Qb4 Qxb4 38. axb4 fxe3 39. Nxe3 Rd6 40. Rf7 Rxd3
41. Rxe7 Rxe3 42. Rxc7 Rb3 1/2-1/2

[Event "21st European Teams"]
[Site "Hersonissos GRE"]
[Date "2017.11.03"]
[Round "6.3"]
[Board "2"]
[White "Radjabov, Teimour"]
[Black "Movsesian, Sergei"]
[Result "1-0"]
[WhiteTitle "GM"]
[BlackTitle "GM"]
[WhiteElo "2741"]
[BlackElo "2671"]
[WhiteTeam "Azerbaijan"]
[BlackTeam "Armenia"]
[WhiteFideId "13400924"]
[BlackFideId "310204"]
[EventDate "2017.10.28"]

1. d4 Nf6 2. c4 e6 3. Nc3 Bb4 4. e3 d5 5. a3 Bxc3+ 6. bxc3 O-O 7. Bd3 c6 8. Ne2
b6 9. O-O Ba6 10. cxd5 cxd5 11. Bxa6 Nxa6 12. Qd3 Qc8 13. f3 Nb8 14. e4 Qa6 15.
Qe3 Nc6 16. Ng3 Kh8 17. a4 Na5 18. e5 Nd7 19. Ba3 Nc4 20. Qg5 f6 21. exf6 Rxf6
22. Nh5 Rf7 23. Rfe1 Nxa3 24. Rxa3 Re8 25. Nf4 Qc8 26. Re3 Rf5 27. Qg3 Qb8 28.
Nd3 e5 29. Ra2 exd4 30. Qxb8 Rxb8 31. cxd4 Rf7 32. Rc2 Kg8 33. Re6 Nf6 34. Ne5
Rfb7 35. Rec6 h6 36. h4 b5 37. axb5 Rxb5 38. Ra6 R5b7 39. Rca2 Kh7 40. Rxa7 Rxa7
41. Rxa7 Rb4 42. Nc6 Rc4 43. Nd8 Nh5 44. Ne6 Rc1+ 45. Kh2 Re1 46. Ra6 Nf6 47. g4
Kg8 48. g5 hxg5 49. hxg5 Nh7 50. g6 Nf8 51. Nf4 Rd1 52. Ra8 1-0